000
00319nam a2200133 a 4500
008
110513s1991|||| d
100
1
_a
Pravda, Miroslav
700
1
_a
Pravdová, Marie
245
1
0
_a
Francuzština pre samoukov
260
_b
SPN
_a
Bratislava
_c
1991
044
_a
xo
_c
SK
041
_a
slo
020
_c
79
999
_c
19628
_d
19628